| 000 | 00660cam a22002411 4500 | ||
|---|---|---|---|
| 001 | ne 63000039 | ||
| 003 | DLC | ||
| 005 | 20260227111739.0 | ||
| 008 | 890620s1962 xx ac 000 0 ara | ||
| 010 | _ane 63000039 | ||
| 035 | _a(OCoLC)23486870 | ||
| 040 |
_aDLC _cMiU _dDLC |
||
| 042 | _apremarc | ||
| 043 |
_aa-sy--- _af-ua--- |
||
| 050 | 0 | 0 |
_aDT107.83 _b.H37 |
| 100 | 1 | _aHaykal, Muḥammad Ḥasanayn | |
| 245 | 1 | 0 | _aMā alladhī jarā fī Sūriyā. |
| 260 | _c[1962] | ||
| 300 |
_a198 p. _billus., ports. _c25 cm. |
||
| 500 | _aRomanized. | ||
| 651 | 0 |
_aUnited Arab Republic _xPolitics and government. |
|
| 651 | 0 |
_aSyria _xPolitics and government. |
|
| 999 |
_c45405 _d45405 |
||